| 000 | 00449nam a2200169 i 4500 | ||
|---|---|---|---|
| 001 | bg | ||
| 100 | 1 | _aDMITRIEVA, Majja A. | |
| 245 | 0 |
_aPsichologija truda i inżenernaja psichologija / _cM. Dmitrieva, A. Krylow, A. Naftulew. |
|
| 260 |
_aLeningrad, _c1979. |
||
| 700 | 1 | _aKRYLOV, Albert A. | |
| 700 | 1 | _aNAFTULEV, Arkadij I. | |
| 040 | _cBPK | ||
| 041 | _apol | ||
| 080 | _a159.9 | ||
| 942 | _cKS | ||
| 008 | s pl f |000 0 pol | ||
| 999 |
_c19199 _d19199 |
||
| 856 |
_uhttp://koha.tu.koszalin.pl/cgi-bin/koha/opac-detail.pl?biblionumber=19199 _yKatalog online BPK |
||